000
00287 a2200157 4500
001
176804
020
_a
040
_c
Magnum
100
_a
-
240
1
0
_a
O rei leao
_l
por
245
1
0
_a
O rei leao
362
0
_a
1899
440
1
_a
Eko
697
_a
MAGNITO: I/GERAL
942
_c
BK
999
_c
176804
_d
176804